000 nam a22 7a 4500
999 _c9398
_d9398
008 180129b ||||| |||| 00| 0 eng d
100 _aPuri S K
_91908
245 _aScience Physics, Chemistry, Biology -VI
260 _aNew Delhi
_bJiwan Publication
_c2007